Historia critica de España, y de la cultura española / (Record no. 159094)

MARC details
000 -LEADER
campo de control de longitud fija 01238nam a2200241 i 4500
001 - NÚMERO DE CONTROL
campo de control 159094
003 - IDENTIFICADOR DE NÚMERO DE CONTROL
campo de control ES-MaACL
005 - FECHA Y HORA DE LA ÚLTIMA TRANSACCIÓN
campo de control 20250727063147.0
008 - DATOS DE LONGITUD FIJA--INFORMACIÓN GENERAL
campo de control de longitud fija 931025s1795 sp |||| | spa d
040 ## - FUENTE DE CATALOGACIÓN
Centro catalogador/agencia de origen CARM
Lengua de catalogación spa
Centro/agencia transcriptor PAB
100 1# - ENTRADA PRINCIPAL--NOMBRE DE PERSONA
Nombre de persona Masdéu, Juan Francisco,
Fechas asociadas al nombre 1744-1817
9 (RLIN) 129694
245 10 - MENCIÓN DEL TÍTULO
Título Historia critica de España, y de la cultura española /
Mención de responsabilidad, etc. obra compuesta en las dos lenguas italiana y castellana por D. Juan Francisco de Masdeu ... ; tomo XV, España arabe, continuación del Libro III, ilustraciones chronológicas, históricas y críticas.
260 ## - PUBLICACIÓN, DISTRIBUCIÓN, ETC.
Lugar de publicación, distribución, etc. En Madrid :
Nombre del editor, distribuidor, etc. en la imprenta de Sancha, se hallará en su Librería en la Aduana vieja,
Fecha de publicación, distribución, etc. 1795.
300 ## - DESCRIPCIÓN FÍSICA
Extensión [4], 495, [1] p., [3] h. pleg. ;
Dimensiones 21 cm.
500 ## - NOTA GENERAL
Nota general En el tomo I, p. 12 consta que es traducción del italiano.
597 ## - NOTA DE DESCRIPCIÓN FÍSICA
NOTA DE DESCRIPCIÓN FÍSICA Sign.: [ ]2, A-Z4, 2A-2Z4, 3A-3Q4.
597 ## - NOTA DE DESCRIPCIÓN FÍSICA
NOTA DE DESCRIPCIÓN FÍSICA Antep.
599 ## - NOTA A LAS ILUSTRACIONES
NOTA A LAS ILUSTRACIONES Las h. pleg. son tablas cronológicas, correspondencia de reyes cristianos y musulmanes, Condes de Barcelona y reyes musulmanes, entre p.330 y 331.
651 #4 - PUNTO DE ACCESO ADICIONAL DE MATERIA--NOMBRE GEOGRÁFICO
Nombre geográfico España-
Subdivisión general Historia-
Subdivisión cronológica 0711-1492, Reconquista.
9 (RLIN) 8217
852 ## - LOCALIZACIÓN
Ubicación ES-MaACL
Número de control de estantería R-270-89
Nota libre -- Enc. pasta
Encuadernación Olim: C-44-63
Holdings
Estatus retirado Estado de pérdida Estado de daño No para préstamo Colección Biblioteca de origen Biblioteca actual Ubicación en estantería Fecha de adquisición Total de préstamos Signatura topográfica completa Código de barras Visto por última vez Precio de reemplazo Tipo de ítem Koha
        Libros del s. XVIII Biblioteca del Ateneo de Madrid Biblioteca del Ateneo de Madrid Depósito 17/01/2008   R-270-89 1166548 23/02/2023 23/02/2023 Libro impreso antiguo